Tratado por el que se establece una Constitución para Europa. (Record no. 91964)

MARC details
000 -LEADER
campo de control de longitud fija 00988nam a2200253 i 4500
001 - NÚMERO DE CONTROL
campo de control 91964
003 - IDENTIFICADOR DE NÚMERO DE CONTROL
campo de control ES-MaACL
005 - FECHA Y HORA DE LA ÚLTIMA TRANSACCIÓN
campo de control 20250811073241.0
007 - CAMPO FIJO DE DESCRIPCIÓN FÍSICA--INFORMACIÓN GENERAL
campo de control de longitud fija t|
008 - DATOS DE LONGITUD FIJA--INFORMACIÓN GENERAL
campo de control de longitud fija 050310s2004 sp ||||1| spa d
080 ## - NÚMERO DE LA CLASIFICACIÓN DECIMAL UNIVERSAL
Número de la Clasificación Decimal Universal 342.4(4-672 UE)(094.5)
130 0# - ENTRADA PRINCIPAL--TÍTULO UNIFORME
Título uniforme Constitución Europea (2004)
9 (RLIN) 120300
245 10 - MENCIÓN DEL TÍTULO
Título Tratado por el que se establece una Constitución para Europa.
260 ## - PUBLICACIÓN, DISTRIBUCIÓN, ETC.
Lugar de publicación, distribución, etc. [Madrid] :
Nombre del editor, distribuidor, etc. Ministerio de Asuntos Exteriores y de Cooperación :
-- Ministerio del Interior :
-- Ministerio de la Presidencia,
Fecha de publicación, distribución, etc. [2004]
300 ## - DESCRIPCIÓN FÍSICA
Extensión 431 p. ;
Dimensiones 24 cm.
630 07 - PUNTO DE ACCESO ADICIONAL DE MATERIA--TÍTULO UNIFORME
Título uniforme Constitución Europea (2004)
9 (RLIN) 120300
651 #4 - PUNTO DE ACCESO ADICIONAL DE MATERIA--NOMBRE GEOGRÁFICO
Nombre geográfico Unión Europa-
Subdivisión de forma Constitución.
9 (RLIN) 9466
710 1# - ENTRADA AGREGADA--NOMBRE DE ENTIDAD CORPORATIVA
Nombre de entidad corporativa o nombre de jurisdicción como elemento de entrada España.
Unidad subordinada Ministerio de Asuntos Exteriores y de Cooperación.
9 (RLIN) 3847
710 1# - ENTRADA AGREGADA--NOMBRE DE ENTIDAD CORPORATIVA
Nombre de entidad corporativa o nombre de jurisdicción como elemento de entrada España.
Unidad subordinada Ministerio del Interior
9 (RLIN) 3941
710 1# - ENTRADA AGREGADA--NOMBRE DE ENTIDAD CORPORATIVA
Nombre de entidad corporativa o nombre de jurisdicción como elemento de entrada España.
Unidad subordinada Ministerio de la Presidencia.
9 (RLIN) 3907
740 0# - ENTRADA AGREGADA--TÍTULO RELACIONADO/ANALÍTICO NO CONTROLADO
Título relacionado o analítico no controlado Constitución europea (2004)
852 ## - LOCALIZACIÓN
Ubicación ES-MaACL
Número de control de estantería L-29011
Sublocalización o colección R.135607
Holdings
Estatus retirado Estado de pérdida Estado de daño No para préstamo Biblioteca de origen Biblioteca actual Ubicación en estantería Fecha de adquisición Fuente de adquisición Total de préstamos Signatura topográfica completa Código de barras Visto por última vez Precio de reemplazo Tipo de ítem Koha
        Biblioteca del Ateneo de Madrid Biblioteca del Ateneo de Madrid Depósito 2 17/01/2008     L-29011 1096022 23/02/2023 23/02/2023 Libro impreso